| 000 | nam a22 7a 4500 | ||
|---|---|---|---|
| 999 |
_c48762 _d48762 |
||
| 003 | OSt | ||
| 005 | 20190903112201.0 | ||
| 008 | 190903b xxu||||| |||| 00| 0 eng d | ||
| 040 | _cIIMT UNIVERSITY | ||
| 100 | _aSULTANA | ||
| 245 | _aUNIT OPERATIONS IN PHARMACEUTICAL ENGINEERING | ||
| 260 |
_aGHAZIABAD _bPEE VEE PUB _c2019 |
||
| 300 | _a207 | ||
| 942 |
_2ddc _c01 |
||